Pharmaceutical Jurisprudence and Intellectual Property Right (Record no. 6275)

MARC details
000 -LEADER
fixed length control field 00443nam a22001697a 4500
005 - DATE AND TIME OF LATEST TRANSACTION
control field 20200518122420.0
008 - FIXED-LENGTH DATA ELEMENTS--GENERAL INFORMATION
fixed length control field 200518b xxu||||| |||| 00| 0 eng d
020 ## - INTERNATIONAL STANDARD BOOK NUMBER
ISBN 9788193697207
041 ## - LANGUAGE CODE
Language code of text/sound track or separate title eng
082 ## - DEWEY DECIMAL CLASSIFICATION NUMBER
Classification number 614.35
100 ## - MAIN ENTRY--AUTHOR NAME
Personal name Rostogi Sammer
245 ## - TITLE STATEMENT
Title Pharmaceutical Jurisprudence and Intellectual Property Right
260 ## - PUBLICATION, DISTRIBUTION, ETC. (IMPRINT)
Place of publication Delhi
Name of publisher Birla Publication
Year of publication 2018
300 ## - PHYSICAL DESCRIPTION
Number of Pages 100 VII
650 ## - SUBJECT ADDED ENTRY--TOPICAL TERM
Topical Term Pharmacy
942 ## - ADDED ENTRY ELEMENTS (KOHA)
Koha item type Books
Holdings
Lost status Damaged status Home library Current library Date acquired Source of acquisition Cost, normal purchase price Full call number Koha item type
    JRU Library   18/05/2020 PURCHASE 195.00 614.35 Books